000 00493nam a2200145Ia 4500
008 151213s9999 xx 000 0 und d
100 _aরাজীব হুমায়ন।
245 _aনীল পানিয়া।
_cরাজীব হুমায়ন।
260 _aঢাকা
_bদ্বীপ প্রকাশন।
_c1992
300 _a8445 p.
650 _aBangla
650 _aBengali Literature
700 _aরাজীব হুমায়ন।
999 _c4283
_d4283